Critical Thinking: A student's introduction/ (Record no. 613574)

000 -LEADER
fixed length control field 00455nam a22001577a 4500
020 ## - INTERNATIONAL STANDARD BOOK NUMBER
International Standard Book Number 978-1260547818
082 ## - DEWEY DECIMAL CLASSIFICATION NUMBER
Classification number 160
Author Mark BAS
100 ## - MAIN ENTRY--PERSONAL NAME
Personal name Bassham,Gregory
245 ## - TITLE STATEMENT
Title Critical Thinking: A student's introduction/
Statement of responsibility, etc. Gregory Bassham, William Irwin , Henry Nardone, James M. Wallace
250 ## - EDITION STATEMENT
Edition statement 6th Edition.
260 ## - PUBLICATION, DISTRIBUTION, ETC.
Place of publication, distribution, etc. USA;
Name of publisher, distributor, etc. McGraw Hill,
Date of publication, distribution, etc. 2019.
300 ## - PHYSICAL DESCRIPTION
Extent xiii, 495 p.
504 ## - BIBLIOGRAPHY, ETC. NOTE
Bibliography, etc. note Incudes index
563 ## - BINDING INFORMATION
Binding note PB
942 ## - ADDED ENTRY ELEMENTS (KOHA)
Source of classification or shelving scheme
Koha item type Book
Holdings
Withdrawn status Lost status Source of classification or shelving scheme Damaged status Not for loan Permanent Location Current Location Shelving location Date acquired Source of acquisition Cost, normal purchase price Total Checkouts Full call number Barcode Date last seen Date last checked out Price effective from Koha item type
          Central Library (CL) Central Library (CL) Education 04/14/2025 Progressive international pvt Ltd 25971.65 1 160 BAS CL-1673 12/31/2025 10/31/2025 04/14/2025 Book
© 2023 Central Library, National University of Sciences and Technology. All Rights Reserved.